000 00176nam a2200085Ia 4500
008 170617s9999 xx 000 0 und d
100 _aMerck
245 4 _aThe Merck Index
260 _bmarck
260 _c2006
999 _c15223
_d15223